Retail management practices of selected franchise businesses / (Record no. 4645)

MARC details
000 -LEADER
fixed length control field 01373nam a22003017a 4500
003 - CONTROL NUMBER IDENTIFIER
control field OSt
005 - DATE AND TIME OF LATEST TRANSACTION
control field 20260123020228.0
008 - FIXED-LENGTH DATA ELEMENTS--GENERAL INFORMATION
fixed length control field 260123b ||||| |||| 00| 0 eng d
040 ## - CATALOGING SOURCE
Language of cataloging English.
Transcribing agency CvSU-CCAT Campus Library.
Description conventions rda.
050 ## - LIBRARY OF CONGRESS CALL NUMBER
Classification number UM HF 5429.3
Item number G65 2024
100 ## - MAIN ENTRY--PERSONAL NAME
Personal name Golosino, Sherween Dave A., author.
9 (RLIN) 18359
245 ## - TITLE STATEMENT
Title Retail management practices of selected franchise businesses /
Statement of responsibility, etc. Sherween Dave A. Golosino, Monecca A. Macapaso, Micaella S. Palompo.
260 ## - PUBLICATION, DISTRIBUTION, ETC.
Place of publication, distribution, etc. Rosario, Cavite :
Name of publisher, distributor, etc. Cavite State University-CCAT Campus,
Date of publication, distribution, etc. 2024.
300 ## - PHYSICAL DESCRIPTION
Extent x, 78 leaves :
Other physical details illustrations ;
Dimensions 28 cm
500 ## - GENERAL NOTE
General note Undergraduate Thesis (BSBM) -- Cavite State University-CCAT Campus, 2024.
504 ## - BIBLIOGRAPHY, ETC. NOTE
Bibliography, etc. note Includes bibliographical references and appendices.
546 ## - LANGUAGE NOTE
Language note In English text
650 ## - SUBJECT ADDED ENTRY--TOPICAL TERM
Topical term or geographic name entry element Retail trade -- Management -- Philippines.
9 (RLIN) 18360
650 ## - SUBJECT ADDED ENTRY--TOPICAL TERM
Topical term or geographic name entry element Franchises (Retail trade) -- Philippines.
9 (RLIN) 18361
650 ## - SUBJECT ADDED ENTRY--TOPICAL TERM
Topical term or geographic name entry element Small business -- Management -- Philippines.
9 (RLIN) 13796
650 ## - SUBJECT ADDED ENTRY--TOPICAL TERM
Topical term or geographic name entry element Entrepreneurship -- Philippines.
9 (RLIN) 18034
700 ## - ADDED ENTRY--PERSONAL NAME
Personal name Macapaso, Monecca A., author.
9 (RLIN) 18362
700 ## - ADDED ENTRY--PERSONAL NAME
Personal name Palompo, Micaella S., author.
9 (RLIN) 18363
700 ## - ADDED ENTRY--PERSONAL NAME
Personal name Abug, Nerisa B., adviser.
9 (RLIN) 6938
700 ## - ADDED ENTRY--PERSONAL NAME
Personal name Mendoza, Xavier Lawrence D., technical critic.
9 (RLIN) 9284
942 ## - ADDED ENTRY ELEMENTS (KOHA)
Source of classification or shelving scheme Library of Congress Classification
Koha item type Thesis/Manuscripts/Dissertations
Classification part HF 5429.3 G65 2024
Call number prefix UM
Holdings
Withdrawn status Lost status Source of classification or shelving scheme Damaged status Not for loan Collection code Home library Current library Shelving location Date acquired Coded location qualifier Total Checkouts Full call number Barcode Date last seen Copy number Price effective from Koha item type
    Library of Congress Classification     Thesis/Manuscript/Dissertation Cavite State University - CCAT Campus Cavite State University - CCAT Campus TH 09/24/2025 UM   UM HF 5429.3 G65 2024 T0005482 01/23/2026 1 01/23/2026 Thesis/Manuscripts/Dissertations